书目信息 |
| 题名: |
非营利组织管理
|
|
| 作者: | ;北京新华信商业风险管理有限责任公司 译校 | |
| 分册: | ||
| 出版信息: | 北京 中国人民大学出版社 2004 |
|
| 页数: | 173 | |
| 开本: | 21cm | |
| 丛书名: | ||
| 单 册: | ||
| 中图分类: | C912.2 | |
| 科图分类: | ||
| 主题词: | 社会结构 , 社会关系 | |
| 电子资源: | ||
| ISBN: | 978-7-300-05840-5 | |
| 000 | 00728nam0 2200193 450 | |
| 001 | 0753815641 | |
| 005 | 20070930145655.64 | |
| 010 | @a978-7-300-05840-5@d¥20.00 | |
| 100 | @a20070930d km y0chiy0120 ea | |
| 101 | 0 | @achi |
| 200 | 1 | @a非营利组织管理@Afei ying li zu zhi guan li@g北京新华信商业风险管理有限责任公司译校@Gbei jing xin hua xin shang ye feng xian guan li you xian ze ren gong si yi xiao |
| 210 | @a北京@c中国人民大学出版社@d2004 | |
| 215 | @a173@d21cm | |
| 606 | 0 | @a社会结构 |
| 606 | 0 | @a社会关系 |
| 690 | @aC912.2@v3 | |
| 712 | 02 | @a北京新华信商业风险管理有限责任公司@Abei jing xin hua xin shang ye feng xian guan li you xian ze ren gong si@4译校 |
| 801 | 0 | @aCN@bPFT@c20070930 |
| 905 | @a213230@dC912.2@eg109@f1 | |
| 非营利组织管理/北京新华信商业风险管理有限责任公司译校.-北京:中国人民大学出版社,2004 |
| 173;21cm |
| ISBN 978-7-300-05840-5:¥20.00 |
| ● |
| 相关链接 |
|
|
|
|
正题名:非营利组织管理
索取号:C912.2/g109
 
预约/预借
| 序号 | 登录号 | 条形码 | 馆藏地/架位号 | 状态 | 备注 |
| 1 | 6504246 | 265042465 | 密集书库-海洋学院/ [索取号:C912.2/g109] | 在馆 |